000 00626nam a2200193 4500
001 VA25308
003 ES-SlBCS
005 20210601154904.0
008 140520s1966 xxu||||| |||| 00| 0 spa d
041 _aspa
100 1 _aDíaz Prieto, Jesús Florentino
_9374946
245 1 0 _aLos enigmas del alma y el mundo social
_cJesús Florentino Díaz Prieto; Lázaro Martínez De Mendijur, Gonzalo Pedrosa Gil
260 _aMadrid :
_bStudium
_c, 1966
300 _a208 p.;
_c18 cm
650 _aPsicopatología
_992050
700 1 0 _aPedrosa Gil, Gonzalo
_9374947
700 1 0 _aMartínez de Mendijur, Lázaro
_9374948
942 _cBK
999 _c810699
_d810699